000 00338nam a2200133Ia 4500
008 220204s9999 xx 000 0 und d
082 _a028.2875
_bMUR
100 _aMurakami, Kenkichi
245 0 _aChemorheology of polymers
260 _aAmsterdam
_bElsevier
_c1979
650 _aChemorheology
700 _aOno katsumichi
942 _cBK
999 _c35364
_d35364